000
00234nam a2200097Ia 4500
005
20251222114408.0
008
251222s1900||||xx |||||||||||||| ||spa||
082
_a
DVD0099/L85/2004
245
0
_a
Planeta sagrado:Sacred planet
942
_c
DVD
999
_c
1934
_d
1934